Music Quiz

Random Music or Billboard Quiz

'Every' Song Titles Quiz Stats

 Plays Quiz Updated Feb 4, 2018

Challenge
Share
Tweet
Embed
Score 0/30 Timer 04:00
8 Plays Today
% Correct
Breath
93.2%
You
93.3%
Rose
92.8%
Wants
92.7%
Fun
90.8%
Day
90.6%
Your
90.5%
Dance
90%
Beat
89.5%
World
89.5%
My
89.4%
Go
89.3%
Road
88.8%
Magic
87.1%
Loves
86.5%
% Correct
Woman
85.9%
Hurts
84.1%
Book
82.9%
Beautiful
82.6%
Back
81.7%
Moon
78%
Time
75.4%
People
73.6%
Loose
72.9%
Winner
68.4%
Money
67.5%
Morning
62.6%
Clown
59.6%
Star
56.7%
Heartbeat
53.4%

You're not logged in!

Compare scores with friends on all Sporcle quizzes.
OR
Log In

You Might Also Like...

Show Comments

Extras

Top Quizzes Today


Score Distribution

Your Account Isn't Verified!

In order to create a playlist on Sporcle, you need to verify the email address you used during registration. Go to your Sporcle Settings to finish the process.

Report this User

Report this user for behavior that violates our Community Guidelines.

Details: